000 00632nam a2200193 i 4500
001 67216
003 ES-MaACL
005 20230906170014.0
007 t|
008 040512s1993 sp ||||1| spa d
080 _a946.041.3 Gran Canaria
100 1 _aBenito Ruano, Eloy.
_927689
245 1 3 _aUn documento sobre la conquista de Gran Canaria /
_cpor Eloy Benito Ruano.
260 _aLacunae :
_bUniversitas Canariarum,
_c1993.
300 _ap. [177]-181 ;
_c23 cm.
500 _aSeparata de: Strenae Emmanuelae Marrero Oblatae.
651 4 _aGran Canaria-
_xHistoria-
_vFuentes.
_98767
852 _aES-MaACL
_j2178-F-1
_bR.130598
999 _c67216
_d67216